000 00533nam a2200169Ia 4500
008 090711s9999 xx 000 0 und d
082 _b66579
100 _aवाळिंबे वि. स.
245 _aआज इथे उद्या तिथे
260 _c1991
300 _a116
600 _aवाळिंबे वि. स.
630 _aआज इथे उद्या तिथे
700 _aवाळिंबे वि. स.
730 _aआज इथे उद्या तिथे
942 _cBOOK
999 _c291699
_d291699